Normal view
MARC view
- الخوالدة، ناصر احمد / م.مشارك: رسمي عبد الملك رستم
Entry Personal Name
001 - CONTROL NUMBER
- control field: 30336
003 - CONTROL NUMBER IDENTIFIER
- control field: JO-AjAnu
005 - DATE AND TIME OF LATEST TRANSACTION
- control field: 20230606075123.0
008 - FIXED-LENGTH DATA ELEMENTS
- fixed length control field: 230606|| aca||aabn | a|a d
040 ## - CATALOGING SOURCE
- Original cataloging agency: JO-AjAnu
- Transcribing agency: JO-AjAnu
100 ## - HEADING--PERSONAL NAME
- Personal name: الخوالدة، ناصر احمد / م.مشارك: رسمي عبد الملك رستم
670 ## - SOURCE DATA FOUND
- Source citation: Work cat.: (JO-AjAnu)15581: الخوالدة، ناصر احمد / م.مشارك: رسمي عبد الملك رستم, author, الاسرة وتربية الطفل